000 01009nam a2200289 i 4500
003 DO-SdBNP
005 20250407152554.0
007 ta
008 090708s2000 dr a 000 0dspa d
040 _aDO-SdBNP
_bspa
_cBNPHU
_erda
041 _hspa
049 _aBNPD
082 _aF-RD
_222
245 0 0 _aIdeario de Duarte /
_ccompilado y anotado por, Vetilio Alfau Durán
264 1 _aSanto Domingo :
_bInstituto Duartiano,
_bMuseo y Casa de Duarte,
_c2000.
300 _a30 páginas :
_bilustraciones ;
_c15 cm.
336 _atexto
_btxt
_2rdacontent
337 _asin mediación
_bn
_2rdamedia
338 _avolumen
_bnc
_2rdacarrier
500 _aIncluye referencias bibliográficas y notas al pie de las páginas
590 _aInventariado, 2025/BT
600 1 0 _aDuarte, Juan Pablo,
_d1813-1876
_91494
651 4 _aRepública Dominicana
_xHistoria
_y1844-1930
_xFuentes
_938423
700 1 _aAlfau Durán, Vetilio,
_d1909-1985
_ecompilador
_4comp.
_910091
910 _aBtavárez
942 _2ddc
_cLF2
999 _c58654
_d58654